العرب وتحديات القرن الحادي والعشرين / (Record no. 14224)
[ view plain ]
| 000 -الفاتح | |
|---|---|
| حقل البيانات ثابتة الطول | 01295nam a22002177a 4500 |
| 008 - عناصر البيانات ثابتة الطول - معلومات عامة | |
| حقل البيانات ثابتة الطول | 100627s2000 jo|||||r|||| 100 0 ara d |
| 082 ## - رقم تصنيف ديوى العشرى | |
| رقم الطبعة | 22 |
| رقم المادة | ع ر ب |
| رقم التصنيف | 330.956 |
| 245 ## - بيان العنوان | |
| العنوان | العرب وتحديات القرن الحادي والعشرين / |
| بيان المسئوليه,etc | فهمي جدعان [وآخ ...] ؛ تقديم السيد ياسين ؛ تحرير غسان إسماعيل عبد الخالق |
| 260 ## - PUBLICATION, DISTRIBUTION, ETC. (IMPRINT) | |
| مكان الناشر او الموزع | عمان، الأردن : |
| اسم الناشر او الموزع | مؤسسة عبد الحميد شومان ، 2000 |
| تاريخ النشر أو التوزيع | 2000 |
| 300 ## - الوصف المادى | |
| التعداد | 591 ص ؛ |
| 490 ## - بيان السلسلة | |
| -- | 15239 |
| عنوان السلسلة | ؛حوارات في الفكر العربي المعاصر |
| رقم المجلد/ التعيين التسلسلي | 1 |
| 541 ## - تبصرة المصدر المباشر للتزويد | |
| مصدر التزويد | المؤسسة العربية للدراسات ؛ |
| طريقة التزويد | شراء ؛ |
| 651 ## - المدخل الاضافى بالموضوع - اسم جغرافى | |
| 9 (RLIN) | 13700 |
| الاسم الجغرافي | العالم العربي |
| التقسيم الفرعي العام | الأحوال السياسية |
| 651 ## - المدخل الاضافى بالموضوع - اسم جغرافى | |
| 9 (RLIN) | 15242 |
| الاسم الجغرافي | العالم العربي |
| التقسيم الفرعي العام | الأحوال الثقافية |
| 651 ## - المدخل الاضافى بالموضوع - اسم جغرافى | |
| 9 (RLIN) | 15246 |
| الاسم الجغرافي | العالم العربي |
| التقسيم الفرعي العام | الأحوال الاقتصادية |
| 700 ## - المدخل الاضافى - اسم شخصى | |
| 9 (RLIN) | 15244 |
| الإسم الشخصى | جدعان، فهمي |
| 700 ## - المدخل الاضافى - اسم شخصى | |
| 9 (RLIN) | 8302 |
| الإسم الشخصى | ؛ياسين , السيد |
| الدور | تقديم |
| 700 ## - المدخل الاضافى - اسم شخصى | |
| 9 (RLIN) | 15245 |
| الإسم الشخصى | عبد الخالق، غسان إسماعيل |
| الدور | تحلرير |
| 942 ## - عناصر المدخل الإضافي( كوها) | |
| مصدر التصنيف او مخطط الترفيف | Dewey Decimal Classification |
| Koha [default] item type | Book - Borrowing |
| حالة التراجع | حالة الفقد | مصدر التصنيف او خطة الترفيف | حالة تلف | ليس للاعارة | مجموعات كوها | المكان الدائم | المكان الحالي | موقع الترفيف | تاريخ الاكتساب | Source of acquisition | سعر الشراء الطبيعي | تعداد مسلسل / التسلسل الزمني | رقم الاستدعاء | الباركود | Date last seen | مُعار | نوع الوعاء |
|---|---|---|---|---|---|---|---|---|---|---|---|---|---|---|---|---|---|
| Dewey Decimal Classification | M. Arabic Studies | Central Library | Central Library | First floor | 27/06/2010 | Purchase | 68.00 | 1 | 338.0956 ع ر ب | 000025006 | 15/07/2025 | 07/05/2019 | Book - Borrowing |